| 000 | 01393nam0a22003131 4500 | ||
|---|---|---|---|
| 001 | rc\2310637 | ||
| 005 | 20110829142108.0 | ||
| 035 | _a(NLR Aleph) 006574170 | ||
| 090 |
_a6977094 _c6977095 |
||
| 100 | _a20110829d1977 |||y0rusy50 ca | ||
| 101 | 0 | _arus | |
| 102 | _aRU | ||
| 105 | _aa z ||||| | ||
| 200 | 1 |
_aОрганизация управления междугородными перевозками грузов _fМ-во автомоб. транспорта РСФСР. ЦБНТИ |
|
| 210 |
_aМосква _cБ. и. _d1977 |
||
| 215 |
_a39 с. _cил. _d20 |
||
| 225 | 1 |
_aЭкспресс-информация _iСерия "Грузовые перевозки автомобильным транспортом" |
|
| 300 | _aНа обороте тит. л.: авт. информации к. э. н. А.С. Шустов, инж. В.Т. Юдов, А.К. Коржов | ||
| 320 | _aБиблиогр.: с. 37-38 | ||
| 700 | 1 |
_aШустов _bА. С. _gАлексей Сергеевич |
|
| 701 | 1 |
_aКоржов _bА. К. |
|
| 701 | 1 |
_aЮдов _bВ. Т. _gВасилий Тихонович |
|
| 712 | 0 | 1 |
_aРСФСР _bМинистерство автомобильного транспорта _bЦБНТИ _3RU\NLR\AUTH\889928719 |
| 801 | 0 |
_aRU _bNLR _gpsbo |
|
| 801 | 1 |
_aRU _bELAR _2rusmarc |
|
| 852 |
_aNLR _j77-4/24271 |
||
| 899 |
_aRuMoRGB _jМ 77-12/845 |
||
| 942 | _cBOOK | ||
| 980 | _aNB | ||